000
00372nam a2200145Ia 4500
008
230314s9999 xx 000 0 und d
020
_a
978-93-5465-693-4
041
_a
eng
082
_a
SO/301/SRE/DB0942
100
_a
Sreevani R.
245
_a
Applied Sociology for Nurses
260
_b
Jaypee Brothers
_a
New Delhi
_c
2022
300
_a
209p
999
_c
144095
_d
144095